Bevölkerungsreichste Ortsteile von Berlin - Statistiken

Allgemein
  • Dieses Quiz wurde 142 mal gespielt
  • Das Durchschnittsergebnis liegt bei 13 aus 20
Antwortstatistiken
Einwohner Ortsteil % Korrekt
153.135 Kreuzberg
92%
102.338 Mitte
90%
164.636 Neukölln
90%
129.359 Charlottenburg
85%
65.375 Pankow
85%
111.508 Marzahn
80%
67.148 Köpenick
77%
136.652 Friedrichshain
76%
85.275 Wedding
76%
122.658 Schöneberg
72%
61.769 Tempelhof
71%
83.972 Reinickendorf
67%
165.055 Prenzlauer Berg
66%
101.877 Wilmersdorf
62%
75.578 Steglitz
60%
81.021 Moabit
53%
84.103 Hellersdorf
52%
93.862 Gesundbrunnen
39%
85.885 Lichterfelde
22%
56.921 Neu-Hohenschönhausen
8%
Keine übereinstimmenden Quizze gefunden
Verteilung der Resultate
Anzahl Personen mit jedem Resultat
Perzentil nach korrekt beantworteten Fragen
Ihre Resultats-Entwicklung
Sie haben dieses Quiz noch nicht gespielt